000 00842nam a22002417a 4500
003 LK-CoDNM
005 20241025135527.0
008 241015b |||||||| |||| 00| 0 eng d
040 _aLK-CoDNM
_dLK-CoDNM
_eLK-CoDNM
041 _asin
080 _aප්‍ර.ව
_b25.2
100 _a
245 _aවිද්‍යාදර්‍ශය-1934
_b2 කාණ්ඩය 4 කලාපය
260 _aකොළඹ
_c1934
_bවිද්‍යාදර්‍ශ යන්ත්‍රාලය
300 _b26p. ; 25 cm
650 _aවිද්‍යාදර්‍ශය-1934
650 _aමාසික සගරාව
650 _aප්‍ර.ව 25.2
650 _aවිද්‍යාදර්‍ශ යන්ත්‍රාලය
650 _a2 කාණ්ඩය 4 කලාපය
650 _a1934
942 _cBK
999 _c223068
_d223068